000 00608nam a2200217 a 4500
005 20240924070349.0
008 130918s2011 mx r 000 0 spa d
020 _a9788484417231
035 _aUPN01000192991
049 _aCG
050 4 _aPR9199.4 H8.5
_bU4.7
100 1 _aHumphreys, Chis C.
_934423
245 1 3 _aEl último unicornio /
_cC. C. Humphreys ; tr. Rosa Pérez.
260 _aBarcelona, Esp. :
_bMontena,
_c2011.
300 _a366 p.
440 0 _aInfinita
650 4 _aUNICORNIOS -
_vLITERATURA JUVENIL
_919983
650 0 _aFantasía
_911180
905 _aLibro
999 _c165092
_d165092